Birds of the US - Hawks and Vultures - Statistics

General Stats
  • This quiz has been taken 37 times
    17 since last reset
  • The average score is 16 of 27
Answer Stats
Hint Answer % Correct
Cathartes aura Turkey Vulture
100%
Coragyps atratus Black Vulture
92%
Buteo jamaicensis Red-tailed Hawk
85%
Astur atricapillus American Goshawk
77%
Haliaeetus leucocephalus Bald Eagle
77%
Aquila chrysaetos Golden Eagle
77%
Buteo lineatus Red-shouldered Hawk
77%
Gymnogyps californianus California Condor
69%
Astur cooperii Cooper’s Hawk
69%
Circus hudsonius Northern Harrier
69%
Pandion haliaetus Osprey
69%
Buteo swainsoni Swainson’s Hawk
69%
Buteo platypterus Broad-winged Hawk
62%
Ictinia mississippiensis Mississippi Kite
62%
Accipiter striatus Sharp-shinned hawk
62%
Parabuteo unicinctus Harris’s Hawk
54%
Buteo lagopus Rough-legged Hawk
54%
Buteogallus anthracinus Common Black Hawk
46%
Buteo regalis Ferruginous Hawk
46%
Rostrhamus sociabilis Snail Kite
46%
Elanoides forficatus Swallow-tailed Kite
46%
Buteo plagiatus Grey Hawk
38%
Chondrohierax uncinatus Hook-billed Kite
38%
Elanus leucurus White-tailed Kite
38%
Buteo albonotatus Zone-tailed Hawk
38%
Geranoaetus albicaudatus White-tailed Hawk
23%
Buteo brachyurus Short-tailed Hawk
15%
No matching quizzes found
Score Distribution
Percent of People with Each Score
Percentile by Number Answered
Your Score History
You have not taken this quiz since the last reset